000 00582nam a2200181Ia 4500
008 140529s9999 xx 000 0 und d
020 _a9780323083300
050 _aQR 67
_b.T462 2014
100 _aTille, Patricia M.
245 _aBailey & Scott's diagnostic microbiology / 
_cPatricia M. Tille
250 _a13th ed.
260 _aSt. Louis, Missouri :
_bElsevier,
_cc2014.
300 _a1037 p. :
_bill. (chiefly col.) ;
_c29 cm.
500 _aIncludes glossary and index.
650 _aDiagnostic techniques and procedures.
942 _kFOR
_cBK
999 _c117618
_d117618